MANAGING CUSTOMER VALUE CREATING QUALITY (Record no. 23182)

MARC details
000 -LEADER
fixed length control field 00371nam a2200133Ia 4500
008 - FIXED-LENGTH DATA ELEMENTS--GENERAL INFORMATION
fixed length control field 240624s9999 xx 000 0 und d
041 ## - LANGUAGE CODE
Language code of text/sound track or separate title eng
082 ## - DEWEY DECIMAL CLASSIFICATION NUMBER
Classification number 658.812 GAL
100 ## - MAIN ENTRY--PERSONAL NAME
Personal name GALE BRADLEY T
245 ## - TITLE STATEMENT
Title MANAGING CUSTOMER VALUE CREATING QUALITY
260 ## - PUBLICATION, DISTRIBUTION, ETC.
Date of publication, distribution, etc. 1994
Place of publication, distribution, etc. New York
Name of publisher, distributor, etc. Free Press/Simon & Schuster
300 ## - PHYSICAL DESCRIPTION
Extent xxii, : 424 : p. : cm. ; 24
365 ## - TRADE PRICE
Currency code RS
Price amount 25
Holdings
Withdrawn status Lost status Damaged status Not for loan Home library Current library Shelving location Date acquired Source of acquisition Cost, normal purchase price Full call number Barcode Date last seen Copy number Price effective from Koha item type
        IMTN IMTN Rack 37-A 09/26/2014 VBC 495.00 658.812 GAL 23182 06/24/2024 1 06/24/2024 Books
Designed & Maintained by: LRC IMT Nagpur Contact: lrc@imtnag.ac.in© 2024. All Rights Reserved.